The forest of stories / (Record no. 65376)

MARC details
000 -LEADER
fixed length control field 00702nam a22002177a 4500
005 - DATE AND TIME OF LATEST TRANSACTION
control field 20150811153829.0
010 ## - LCCN (DPL NO)
LC control number ENG-105073 B-489098-101
020 ## - INTERNATIONAL STANDARD BOOK NUMBER
International Standard Book Number 9789381626375
Terms of availability 295.00
035 ## - SYSTEM CONTROL NUMBER
System control number EN-88605 B-489098-101
037 ## - SOURCE OF ACQUISITION
Source of stock number/acquisition DBAD/PUB
037 ## - SOURCE OF ACQUISITION
Source of stock number/acquisition Star Pub/Ven
082 ## - DEWEY DECIMAL CLASSIFICATION NUMBER
Classification number S
100 ## - MAIN ENTRY--PERSONAL NAME
Personal name Ashok K.Banker
245 ## - TITLE STATEMENT
Title The forest of stories /
Statement of responsibility, etc by Ashok K.Banker
260 ## - PUBLICATION, DISTRIBUTION, ETC. (IMPRINT)
Place of publication, distribution, etc Chennai
Name of publisher, distributor, etc Westland
Date of publication, distribution, etc 2012
270 ## - ADDRESS
Address Venkat Towers,165,P.H. Road, Maduravoyal
City Chennai
Postal code 600095
300 ## - PHYSICAL DESCRIPTION
Extent xxii,350p.
Dimensions 20cm(pbk)
490 ## - SERIES STATEMENT
Series statement Mahabharata series book one
942 ## - ADDED ENTRY ELEMENTS (KOHA)
Source of classification or shelving scheme Dewey Decimal Classification
Item type English Books
Call number suffix ASH
Classification part S
Holdings
Withdrawn status Lost status Not for loan Collection code Home library Current library Date acquired Source of acquisition Cost, normal purchase price Full call number Barcode Copy number Cost, replacement price Koha item type
      Fiction Central Library Central Library 11/03/2013 Star Pub/2349/27.12.12/128/7.1.2013/8.1.2013 295.00 S ASH B-489098 1 295.00 English Books
    Not For Loan Fiction D.B.Act.Division D.B.Act.Division 20/04/2012 DBAD / PUB 295.00 S ASH EN-88606 1 295.00 English Books
      Fiction Sarojini Nagar Sarojini Nagar 11/03/2013 Star Pub/2349/27.12.12/128/7.1.2013/8.1.2013 295.00 S ASH B-489099 1 295.00 English Books
      Fiction Shahdara Branch Shahdara Branch 11/03/2013 Star Pub/2349/27.12.12/128/7.1.2013/8.1.2013 295.00 S ASH B-489101 1 295.00 English Books
      Fiction Vinoba Puri Vinoba Puri 11/03/2013 Star Pub/2349/27.12.12/128/7.1.2013/8.1.2013 295.00 S ASH B-489100 1 295.00 English Books

© Delhi Public Library
Hit Counter
free hit counter